| 000 | 01439nam a22003737a 4500 | ||
|---|---|---|---|
| 003 | CHAP | ||
| 005 | 20220817044112.0 | ||
| 008 | 060517d2002 mx r 00110 spa d | ||
| 010 | _a92187 | ||
| 011 | _a93159 | ||
| 020 | _a9688393649 | ||
| 035 | _a103731 | ||
| 040 | _cCHAP | ||
| 090 | _aFolleto 17072 | ||
| 100 | 0 | 0 |
_aHernández Juárez, Martín. _954201 |
| 245 | 1 | 0 |
_aEvaluación de impacto socioeconómico del proyecto : _balternativas de desarrollo social en comunidades marginadas del municipio de Mapimí, Durango. México _c/por Martín Hernández Juárez [y otros] |
| 260 |
_aMontecillo, Méx. : _bColegio de Postgraduados, _c2002. |
||
| 300 |
_a43 p. : _bilus. |
||
| 590 |
_aBATCH-UPD _b10 _c20130110 _lUCH01 _h0750 |
||
| 590 |
_aBATCH-UPD _b10 _c20130110 _lUCH01 _h2356 |
||
| 590 |
_aBATCH-UPD _b10 _c20130410 _lUCH01 _h0430 |
||
| 590 |
_aBATCH-UPD _b10 _c20130914 _lUCH01 _h1157 |
||
| 590 |
_aCONVERSION _b10 _c20130109 _lUCH01 _h1351 |
||
| 650 | 1 | 4 | _aDesarrollo social. |
| 650 | 1 | 4 |
_aDurango _xCondiciones sociales. _934556 |
| 650 | 1 | 4 |
_aNutrición _xDurango. _982253 |
| 650 | 1 | 4 |
_aProyectos _xEvaluación. _992525 |
| 730 | 0 |
_aProyectos de la iniciativa de nutrición humana apoyados por la fundación W. K. Kellogg. _992529 |
|
| 901 | _aBK | ||
| 905 | _aLilia | ||
| 942 | _cFOLL | ||
| 949 |
_aFolleto 17072 _bBC _cFOLL _d33724000985156 _eTS1 _i103731 _sb |
||
| 949 |
_aFolleto 17072 _bBC _cFOLL _d33724000992004 _eTS2 _fc.2 _i103731 _sb |
||
| 999 |
_c92187 _d92187 |
||